| 000 | 00711nam a2200229 a 4500 | ||
|---|---|---|---|
| 005 | 20240215063718.0 | ||
| 008 | 010830s1998 mx r 000 0 spa d | ||
| 020 | _a8478841873 | ||
| 035 | _aUPN01000110762 | ||
| 049 | _aCG | ||
| 050 | 4 |
_aHN49 C6 _bL6.9 1998 |
|
| 100 | 1 | _aLópez de Ceballos, Paloma | |
| 245 | 1 | 3 |
_aUn método para la investigación-acción participativa / _cPaloma López de Ceballos. |
| 250 | _a3a ed. | ||
| 260 |
_aMadrid, Esp. : _bPopular, _c1998. |
||
| 300 | _a166 p. | ||
| 440 | 0 |
_aPromoción cultural ; _v25 |
|
| 650 | 4 |
_aCiencias sociales _xInvestigación _97497 |
|
| 650 | 4 |
_aInvestigación _xMetodología _95209 |
|
| 650 | 4 |
_aCOMUNIDAD, ORGANIZACION DE LA _98907 |
|
| 905 | _aLibro | ||
| 999 |
_c84671 _d84671 |
||